000 00242nam a2200109Ia 4500
008 190216s9999||||xx |||||||||||||| ||und||
100 _aGoel J P
245 0 _aIit Physics
260 _bRajhans Press Pub
_c1994
300 _a750p
942 _cREF
999 _c36195
_d36195